000 00330nam a2200109Ia 4500
008 170221s9999 xx 000 0 und d
100 _aAbhishek Gupta
245 _aIMPACT OF TRADE UNIONISM ON INDIAN SOCIETY
245 _cAbhishek Gupta
650 _xBusiness
856 _uhttp://escijournals.net/index.php/JBF/article/view/75/134
999 _c307667
_d307667